<?xml version="1.0" encoding="UTF-8"?><?xml-stylesheet type="text/xsl" href="static/style.xsl"?><OAI-PMH xmlns="http://www.openarchives.org/OAI/2.0/" xmlns:xsi="http://www.w3.org/2001/XMLSchema-instance" xsi:schemaLocation="http://www.openarchives.org/OAI/2.0/ http://www.openarchives.org/OAI/2.0/OAI-PMH.xsd"><responseDate>2026-04-18T02:20:48Z</responseDate><request verb="GetRecord" identifier="oai:www.recercat.cat:11351/13783" metadataPrefix="marc">https://recercat.cat/oai/request</request><GetRecord><record><header><identifier>oai:recercat.cat:11351/13783</identifier><datestamp>2025-10-24T08:57:01Z</datestamp><setSpec>com_2072_378070</setSpec><setSpec>com_2072_378040</setSpec><setSpec>com_2072_378071</setSpec><setSpec>col_2072_378092</setSpec><setSpec>col_2072_378097</setSpec></header><metadata><record xmlns="http://www.loc.gov/MARC21/slim" xmlns:dcterms="http://purl.org/dc/terms/" xmlns:xsi="http://www.w3.org/2001/XMLSchema-instance" xmlns:doc="http://www.lyncode.com/xoai" xsi:schemaLocation="http://www.loc.gov/MARC21/slim http://www.loc.gov/standards/marcxml/schema/MARC21slim.xsd">
   <leader>00925njm 22002777a 4500</leader>
   <datafield ind2=" " ind1=" " tag="042">
      <subfield code="a">dc</subfield>
   </datafield>
   <datafield ind2=" " ind1=" " tag="720">
      <subfield code="a">Romero-García, Marta</subfield>
      <subfield code="e">author</subfield>
   </datafield>
   <datafield ind2=" " ind1=" " tag="720">
      <subfield code="a">Tabernero, Rocio</subfield>
      <subfield code="e">author</subfield>
   </datafield>
   <datafield ind2=" " ind1=" " tag="720">
      <subfield code="a">Muñoz Rey, pilar</subfield>
      <subfield code="e">author</subfield>
   </datafield>
   <datafield ind2=" " ind1=" " tag="720">
      <subfield code="a">Alcalá Jiménez, Isidro</subfield>
      <subfield code="e">author</subfield>
   </datafield>
   <datafield ind2=" " ind1=" " tag="720">
      <subfield code="a">Delgado-Hito, Pilar</subfield>
      <subfield code="e">author</subfield>
   </datafield>
   <datafield ind2=" " ind1=" " tag="720">
      <subfield code="a">Benito Aracil, Llucia</subfield>
      <subfield code="e">author</subfield>
   </datafield>
   <datafield ind2=" " ind1=" " tag="720">
      <subfield code="a">Gallart Vivé, Elisabet</subfield>
      <subfield code="e">author</subfield>
   </datafield>
   <datafield ind2=" " ind1=" " tag="260">
      <subfield code="c">2025-10-06T09:26:42Z</subfield>
   </datafield>
   <datafield ind2=" " ind1=" " tag="260">
      <subfield code="c">2025-10-06T09:26:42Z</subfield>
   </datafield>
   <datafield ind2=" " ind1=" " tag="260">
      <subfield code="c">2025-09</subfield>
   </datafield>
   <datafield ind2=" " ind1=" " tag="520">
      <subfield code="a">Critical care; Nursing care; Patient satisfaction</subfield>
   </datafield>
   <datafield ind2=" " ind1=" " tag="520">
      <subfield code="a">Cures intensives; Cures d'infermera; Satisfacció del pacient</subfield>
   </datafield>
   <datafield ind2=" " ind1=" " tag="520">
      <subfield code="a">Cuidados críticos; Cuidados de enfermería; Satisfacción del paciente</subfield>
   </datafield>
   <datafield ind2=" " ind1=" " tag="520">
      <subfield code="a">Background&#xd;
Interest in measuring patient satisfaction as an indicator of the quality of nursing care has led to the development of various measurement instruments. However, to date there are no studies that propose multidimensional strategies to improve satisfaction with intensive care nursing from the perspective of both nurses and patients.&#xd;
Objectives&#xd;
The objective of this study was to describe strategies to improve satisfaction with nursing care identified by nurses and critically ill patients.&#xd;
Methods&#xd;
This was a qualitative descriptive study. This multicentre study was conducted in intensive care units in Spain. The population consisted of discharged patients and critical care nurses, and the sample was recruited using convenience sampling. Four online focus groups were held with patients and nurses until theoretical saturation of the data was reached. The focus groups were led by a moderator, recorded on video after obtaining informed consent, and then transcribed. Next, content was analysed, and the information was triangulated. Guba and Lincoln's criteria of trustworthiness and authenticity were followed.&#xd;
Results&#xd;
The strategies identified were (i) strategies for holistic care; (ii) strategies related to forms of communication; (iii) strategies related to professional behaviours; and (iv) strategies related to the infrastructure of the unit. The most frequently mentioned strategies were continuously monitoring pain, documenting pain, promoting patient autonomy, fostering patient privacy, showing empathy, listening attentively, using medication for rest, meeting recreational needs, using simple language, making eye contact, receiving communication training, practicing interdisciplinary communication, and using clinical judgement. Reporting complied with Consolidated Criteria for Reporting Qualitative Research.&#xd;
Conclusion&#xd;
Nurses and patients identified similar strategies to improve satisfaction with the nursing care received during intensive care unit admission. Implementing and evaluating the identified strategies will support the ongoing improvement of humanised care, driven by the commitment of healthcare professionals.</subfield>
   </datafield>
   <datafield ind2=" " ind1=" " tag="520">
      <subfield code="a">This work is part of the project: “National validation of the Scale of Nursing and Society Foundation Care Satisfaction from the Perspective of the Critically Ill Patient”, funded by the Fundación Enfermería y Sociedad (PR-282/2018) and the Carlos III Health Institute (Ministry of Science and Innovation), and cofinanced by the European National Development Fund whose motto is “A way to build Europe”, Health Research Funding (FIS) (PI18/00935). We thank Research centers in Catalonia (CERCA) Programme/Generalitat de Catalunya for institutional support.</subfield>
   </datafield>
   <datafield ind1="8" ind2=" " tag="024">
      <subfield code="a">http://hdl.handle.net/11351/13783</subfield>
   </datafield>
   <datafield tag="653" ind2=" " ind1=" ">
      <subfield code="a">Pacients - Satisfacció</subfield>
   </datafield>
   <datafield tag="653" ind2=" " ind1=" ">
      <subfield code="a">Infermeria en medicina intensiva</subfield>
   </datafield>
   <datafield tag="653" ind2=" " ind1=" ">
      <subfield code="a">Valoració d'infermeria</subfield>
   </datafield>
   <datafield tag="653" ind2=" " ind1=" ">
      <subfield code="a">Infermera i pacient</subfield>
   </datafield>
   <datafield tag="653" ind2=" " ind1=" ">
      <subfield code="a">HEALTH CARE::Health Care Quality, Access, and Evaluation::Health Care Quality, Access, and Evaluation::Quality of Health Care::Health Care Evaluation Mechanisms::Patient Satisfaction</subfield>
   </datafield>
   <datafield tag="653" ind2=" " ind1=" ">
      <subfield code="a">HEALTH CARE::Health Care Facilities, Manpower, and Services::Health Services::Nursing Care::Critical Care Nursing</subfield>
   </datafield>
   <datafield tag="653" ind2=" " ind1=" ">
      <subfield code="a">HEALTH CARE::Health Care Quality, Access, and Evaluation::Delivery of Health Care::Professional-Patient Relations::Nurse-Patient Relations</subfield>
   </datafield>
   <datafield tag="653" ind2=" " ind1=" ">
      <subfield code="a">ATENCIÓN DE SALUD::calidad, acceso y evaluación de la atención sanitaria::calidad, acceso y evaluación de la atención sanitaria::calidad de la atención sanitaria::mecanismos de evaluación de la atención sanitaria::satisfacción del paciente</subfield>
   </datafield>
   <datafield tag="653" ind2=" " ind1=" ">
      <subfield code="a">ATENCIÓN DE SALUD::instalaciones, servicios y personal de asistencia sanitaria::servicios de salud::asistencia de enfermería::enfermería de cuidados críticos</subfield>
   </datafield>
   <datafield tag="653" ind2=" " ind1=" ">
      <subfield code="a">ATENCIÓN DE SALUD::calidad, acceso y evaluación de la atención sanitaria::prestación sanitaria::relaciones profesional-paciente::relaciones enfermera-paciente</subfield>
   </datafield>
   <datafield ind2="0" ind1="0" tag="245">
      <subfield code="a">Improving satisfaction with intensive care nursing: Perspectives of nurses and patients</subfield>
   </datafield>
</record></metadata></record></GetRecord></OAI-PMH>